Welcome to CU Library Online Public Access Catalogue (OPAC)

Global critical race feminism : (Record no. 5488)

MARC details
000 -LEADER
fixed length control field 01331cam a2200313 a 4500
001 - CONTROL NUMBER
control field 11911679
003 - CONTROL NUMBER IDENTIFIER
control field OSt
005 - DATE AND TIME OF LATEST TRANSACTION
control field 20250415201750.0
008 - FIXED-LENGTH DATA ELEMENTS--GENERAL INFORMATION
fixed length control field 000214s2000 nyu b 001 0 eng
010 ## - LIBRARY OF CONGRESS CONTROL NUMBER
LC control number 00008391
020 ## - INTERNATIONAL STANDARD BOOK NUMBER
International Standard Book Number 081479338X (paper : acidfree paper)
020 ## - INTERNATIONAL STANDARD BOOK NUMBER
International Standard Book Number 0814793371 (cloth : acidfree paper)
040 ## - CATALOGING SOURCE
Original cataloging agency DLC
Transcribing agency DLC
Modifying agency DLC
050 00 - LIBRARY OF CONGRESS CALL NUMBER
Classification number K644
Item number .G59 2000
082 00 - DEWEY DECIMAL CLASSIFICATION NUMBER
Classification number 346.01/34
Edition information 21
245 10 - TITLE STATEMENT
Title Global critical race feminism :
Remainder of title an international reader /
Statement of responsibility, etc. edited by Adrien Katherine Wing ; foreword by Angela Y. Davis.
260 ## - PUBLICATION, DISTRIBUTION, ETC.
Place of publication, distribution, etc. New York :
Name of publisher, distributor, etc. New York University Press,
Date of publication, distribution, etc. c2000.
300 ## - PHYSICAL DESCRIPTION
Extent xvi, 451 p. ;
Dimensions 26 cm.
440 #0 - SERIES STATEMENT/ADDED ENTRY--TITLE
Title Critical America
500 ## - GENERAL NOTE
General note Includes index
504 ## - BIBLIOGRAPHY, ETC. NOTE
Bibliography, etc. note Includes bibliographical references (p. 425-436) and index.
650 #0 - SUBJECT ADDED ENTRY--TOPICAL TERM
Topical term or geographic name entry element Minority women
General subdivision Legal status, laws, etc.
700 1# - ADDED ENTRY--PERSONAL NAME
Personal name Wing, Adrien Katherine.
856 42 - ELECTRONIC LOCATION AND ACCESS
Materials specified Contributor biographical information
Uniform Resource Identifier <a href="http://www.loc.gov/catdir/enhancements/fy0807/00008391-b.html">http://www.loc.gov/catdir/enhancements/fy0807/00008391-b.html</a>
856 42 - ELECTRONIC LOCATION AND ACCESS
Materials specified Publisher description
Uniform Resource Identifier <a href="http://www.loc.gov/catdir/enhancements/fy0807/00008391-d.html">http://www.loc.gov/catdir/enhancements/fy0807/00008391-d.html</a>
906 ## - LOCAL DATA ELEMENT F, LDF (RLIN)
a 7
b cbc
c orignew
d 1
e ecip
f 20
g y-gencatlg
942 ## - ADDED ENTRY ELEMENTS (KOHA)
Source of classification or shelving scheme Library of Congress Classification
Koha item type Books
Suppress in OPAC No
Holdings
Withdrawn status Lost status Source of classification or shelving scheme Damaged status Not for loan Collection Home library Current library Shelving location Date acquired Total checkouts Full call number Barcode Date last seen Copy number Price effective from Koha item type
    Library of Congress Classification     Non-fiction Law Library (Christ Temple) Law Library (Christ Temple) General stacks 04/15/2025   K644.G59 GLO LLCT00000567 04/15/2025 1 04/15/2025 Books
© 2023-2024 Copyright: Central University Libraries. All Rights Reserved | Created by: Mahone Tech Office